Shakkyō kaei zenshū. Dai 6-kan /

Saved in:
Bibliographic Details
Other Authors: Takakusu, Junjirō, 1866-1945.
Format: Book
Language:Japanese
Published: Tōkyō : Kawade Shobō, Shōwa 9 [1934]
Subjects:
Tags: Add Tag
No Tags, Be the first to tag this record!
LEADER 02336nam a2200313ui 4500
001 007796838-7
005 20024617121422.0
008 920325s1934 ja 000 0 jpn d
035 0 |a ocm33739425 
040 |a *LWU*  |b jpn  |c *LWU*  |d OCoLC  |d *YNH*  |d CStRLIN 
245 0 0 |6 880-01  |a Shakkyō kaei zenshū.  |n Dai 6-kan /  |c Takakusu Junjirō ... [et al.] hen. 
246 3 |a Shakuyō kaei zenshū 
260 |6 880-02  |a Tōkyō :  |b Kawade Shobō,  |c Shōwa 9 [1934] 
300 |a 604 p. ;  |c 23 cm. 
500 |6 880-03  |a Hibaihin. 
505 0 |6 880-04  |a Keichū Ajari Shakkyōshū -- Tegoto no hana shō -- Myōritsu Oshō wakashū -- Bankei Zenji usuhikishū -- Jōkan-ni kashō -- Inkai Sōjō rōgo jutsukai hyakushu -- Kanshin eigashū -- Tenkei Oshō waka -- Iwamagusa shō -- Kūge rakuyōshū -- Jiun wakashū -- Ennyo Risshi eiga -- Moshiogusa -- Tōrei Enji dōka nijūisshu -- Hō no e -- Zoku hō no e -- Renʾyō waka shū -- Shōfūshū shō -- Ozawa Roan shakkyō waka -- Jiun Sonja wakashū -- Katsuragi Sonja wakashū -- Keiun wakashū -- Kotoba no sue -- Matsu no yūzuki shō -- Seisetsu Zenji -- Ryōkan kashūshō -- Munenaga meigō hyakuin -- Haikai mumonkei -- Shakkyō haiku shū. 
653 |6 880-05  |a Waka  |a Kashū. 
653 |6 880-06  |a Bukkyōbungaku. 
700 1 |6 880-07  |a Takakusu, Junjirō,  |d 1866-1945. 
880 0 0 |6 245-01  |a 釋教歌詠全集.  |n 第6卷 /  |c 高楠順次郎 ... [et al.]編. 
880 |6 260-02  |a 東京 :  |b 河出書房,  |c 昭和9 [1934] 
880 |6 500-03  |a 非賣品. 
880 0 |6 505-04  |a 契沖阿闍梨釋教歌鈔 -- 手每の花鈔 -- 妙立和尚和歌集 -- 盤珪禪師うすひき歌 -- 貞關尼歌抄 -- 胤海僧正老後述懷百首 -- 勸心詠歌集 -- 天桂和尚和歌 -- 岩間草抄 -- 空華落葉集 -- 似雲和歌集 -- 圓如律師詠歌 -- 藻鹽草 -- 東嶺圓慈道歌二十一首 -- 法の江 -- 續法の江 -- 蓮葉和歌集 -- 松風集抄 -- 小澤蘆庵釋教和歌 -- 慈雲尊者和歌集 -- 葛城尊者和歌集 -- 溪雲和歌集 -- 言葉の末 -- 松のゆう月抄 -- 誠拙禪師 -- 良寬歌集抄 -- 宗長名號百韻 -- 俳諧無門關 -- 釋教俳句集. 
880 |6 653-05  |a 和歌  |a 歌集. 
880 |6 653-06  |a 仏敎文学. 
880 1 |6 700-07  |a 高楠順次郎,  |d 1866-1945. 
886 2 |2 jpnmarc  |a 677  |b 911.108 
988 |a 20021220 
906 |0 OCLC